| 000 | 00466nam a2200181Ia 4500 | ||
|---|---|---|---|
| 003 | GCL | ||
| 008 | 140319s9999 xx 000 0 eng d | ||
| 040 |
_aGCL / _cGCL |
||
| 082 | 0 | 4 |
_a862 _bB C |
| 100 | 1 | _aBENTLEY, ERIC | |
| 245 | 1 | 0 |
_aTHE CLASSIC THEATRE, SIX SPANISH PLAYS / _cBENTLEY, ERIC |
| 260 |
_a[S.N] : _bDOUBLEDAY ANCHOR BOOKS ، _c1959 |
||
| 300 | _a507 P | ||
| 650 | 0 | 4 | _aTHEATER |
| 650 | 0 | 4 | _aDRAMA |
| 650 | 0 | 4 | _aSPANISH LITERATURE |
| 942 |
_2ddc _cBK |
||
| 999 |
_c19739 _d19739 |
||